Central Library OPAC University of Rajshahi

Burmese days / (Record no. 83482)

MARC details
000 -LEADER
fixed length control field 00586nam a2200217 a 4500
001 - CONTROL NUMBER
control field 83482
003 - CONTROL NUMBER IDENTIFIER
rucl marc code BD-RjUL
005 - DATE AND TIME OF LATEST TRANSACTION
control field 20240327121717.0
008 - FIXED-LENGTH DATA ELEMENTS--GENERAL INFORMATION
fixed length control field 240325s1962 enk 000 0 eng d
035 ## - SYSTEM CONTROL NUMBER
System control number (BD-RjUL)83482
040 ## - CATALOGING SOURCE
Original cataloging agency BGU
Language of cataloging eng
Transcribing agency BD-RjUL
041 ## - LANGUAGE CODE
Language code of text/sound track or separate title eng
082 ## - DEWEY DECIMAL CLASSIFICATION NUMBER
Edition number 23
Classification number 823.91
Author mark and year ORB 1962
100 1# - MAIN ENTRY--PERSONAL NAME
Personal name Orwell, George,
Dates associated with a name 1903-1950
9 (RLIN) 12495
245 10 - TITLE STATEMENT
Title Burmese days /
Statement of responsibility, etc. by George Orwell
250 ## - EDITION STATEMENT
Edition statement Time reading program special ed.
260 ## - PUBLICATION, DISTRIBUTION, ETC. (IMPRINT)
Place of publication, distribution, etc. New york :
Name of publisher, distributor, etc. Time incorporated,
Date of publication, distribution, etc. 1962
300 ## - PHYSICAL DESCRIPTION
Pagination 263 p.;
Size 21 cm.
650 ## - SUBJECT ADDED ENTRY--TOPICAL TERM
Topical term or geographic name as entry element English fiction
942 ## - ADDED ENTRY ELEMENTS (KOHA)
Source of classification or shelving scheme Dewey Decimal Classification
Koha item type Books
Holdings
Lost status Source of classification or shelving scheme Damaged status Not for loan Collection code Permanent Location Current Location Shelving location Date acquired Total Checkouts Full call number Date last seen Copy number Koha item type
  Dewey Decimal Classification   Not For Loan Fiction Central Library, University of Rajshahi Central Library, University of Rajshahi Reading Room 27/03/2024   823.91 ORB 1962 27/03/2024 C-1 Books